| 000 | 00552nam a2200193 a 4500 | ||
|---|---|---|---|
| 003 | PILC | ||
| 005 | 20150112093431.0 | ||
| 008 | 100723s19uu xx 00 eng d | ||
| 020 | _a9812471774 | ||
| 050 |
_aHF 5387 _b.B662 2003 |
||
| 082 |
_aEtSF 174.4 _bB63 2003 |
||
| 100 |
_aBoatright, John R. _911075 |
||
| 245 |
_aBusiness ethics / _cJohn R. Boatright |
||
| 250 | _a4th ed. | ||
| 260 |
_aSingapore : _bPearson Education South Asia Pte Ltd, _c2003. |
||
| 650 |
_aBusiness ethics _97009 |
||
| 650 |
_aConduct in business _911076 |
||
| 942 |
_2lcc _cBK |
||
| 999 |
_c14389 _d14389 |
||